000 00706cab a2200229 4500
001 WB3433-66
008 090401t1998 xxu||||| |||| 00| 0 eng d
035 _a(Sirsi) u88169
041 _aeng
245 _aRecruitment consultants
260 _c1998
350 _a0
490 _aRICS Press Release
_v(pr95.corp) 26 August 1998 (1)
520 _aRICS has appointed Macdonald & Company Property Ltd as the only recruitment consultancy approved by RICS Business Services.
650 _aEMPLOYMENT AGENCIES
650 _aJOB HUNTING
650 _aRECRUITMENT CONSULTANTS
650 _aRICS
690 _aMANAGEMENT-BUSINESS MANAGEMENT-PROFESSIONAL PRACTICE
942 _n0
948 _c27/08/1998
999 _c55705
_d55705